00779nam a2200265 a 4500001001300000003000900013005001700022008004100039020001000080082001800090100001700108245005100125260003100176300000900207500003500216505001000251650002000261650002200281650002900303700001700332902000800349942000700357952013400364999001500498nice12345678IN_TiNIC20260116012744.0050524s1993 dela grp 000 0 eng  ac25000a297.1972bMAL aMalkani, K R aPolitics of Ayodhya and Hindu Muslim Relations aDelhibHar Anand Pubc1993 a207p aincludes index and biblioraphy2 aIndex aPluralism-India aCommunalism-India aIslam-Relations Hinduism1 aMalkani, K R bSRS cBK 001040708StackRoom-aHMIbHMId2007-08-08g250.00l3m6o297.1972 MALp014936r2018-09-17s2016-04-07v250.00w2005-05-24yBK c8242d8242